Normal view
MARC view
- MALLIK, U. G
Entry Personal Name
001 - CONTROL NUMBER
- control field: 78920
003 - CONTROL NUMBER IDENTIFIER
- control field: NUST
005 - DATE AND TIME OF LATEST TRANSACTION
- control field: 20210628210314.0
008 - FIXED-LENGTH DATA ELEMENTS
- fixed length control field: 210628|| aca||aabn | a|a d
040 ## - CATALOGING SOURCE
- Original cataloging agency: NUST
- Transcribing agency: NUST
100 ## - HEADING--PERSONAL NAME
- Personal name: MALLIK, U. G
670 ## - SOURCE DATA FOUND
- Source citation: Work cat.: (NUST): MALLIK, U. G, SOLUTION OF PROBLEMS IN ELECTRICAL POWER, 1968
